000 00746nam a22002297a 4500
003 UA-OsUOA
001 67733
007 ta
008 20100309b un ||||| |||| 00| 0 ukr d
090 _a343.2/7
_bП78
942 _cBK
040 _aUA-OsUOA
_brus
_cUA-OsUOA
_dUA-OsUOA
245 _aПроблемы правовой защищенности личности в уголовном судопроизводстве
_bСборник научных трудов
_cЕгоров С. А.
300 _a180 с.
955 _a2
041 _arus
080 _a343.2/7
020 _a5-230-18187-7
260 _aЯрославль
_c1991
650 7 _a343 Кримінальне право. Карні порушення
_2UDC
999 _c353661
_d353661